| 000 | 00404cam a2200169ua 4500 | ||
|---|---|---|---|
| 020 | _c279.00 | ||
| 041 |
_aeng _h |
||
| 082 |
_a629.8045 _bJOJ/PN |
||
| 100 | _aJoji, P . | ||
| 245 |
_aPneumatic controls / _cJoji P. _hTextual Documents |
||
| 260 |
_aNew Delhi : _bWiley India Pvt. Ltd , _c2008. |
||
| 300 | _a288 ; . | ||
| 365 | _a279.00 | ||
| 504 | _a | ||
| 942 | _cBK | ||
| 999 |
_c13559 _d13559 |
||